Retention of men desiring to remain in service temporarily.

Bibliographic Details
Corporate Author: United States. War Department
Format: Government Document eBook
Language:English
Published: Washington : [publisher not identified], 1919.
Series:War Dept. Circ. No. 1919/34
Subjects:
Online Access:Connect to the full text of this electronic document

MARC

Tag First Indicator Second Indicator Subfields
LEADER 00000cam a22000001a 4500
001 in00003704021
005 20190408181248.0
006 m o d f
007 cr bn mmmapmmp
008 040322s1919 dcu o f000 0 eng d
035 |a ebd1910302746 
040 |a UMI  |c UMI  |d UtOrBLW 
086 0 |a W 1.4/2:919/34 
099 |a W1.4-3.34 
245 0 0 |a Retention of men desiring to remain in service temporarily. 
264 1 |a Washington :  |b [publisher not identified],  |c 1919. 
300 |a 1 online resource (1 pages) 
336 |a text  |b txt  |2 rdacontent 
337 |a computer  |b c  |2 rdamedia 
338 |a online resource  |b cr  |2 rdacarrier 
490 0 |a War Dept. Circ. No. 1919/34 
500 |a [for soldiers unable to secure civilian employment]. 
500 |a Record is based on bibliographic data in ProQuest U.S. Executive Branch Documents, 1910-1932. Reuse except for individual research requires license from ProQuest, LLC. 
533 |a Electronic reproduction.  |b [Bethesda, Md.] :  |c ProQuest,  |d 2012.  |e digital, PDF file.  |n ProQuest U.S. Executive Branch Documents, 1910-1932.  |n Mode of access: World Wide Web via ProQuest website. 
538 |a System requirements: PDF reader software. 
500 |a Electronic resource. 
650 0 |a Military service, Voluntary.  |0 http://id.loc.gov/authorities/subjects/sh85085289 
655 7 |a Electronic books.  |2 local 
710 1 |a United States.  |b War Department.  |0 http://id.loc.gov/authorities/names/n79084108 
776 1 8 |i Microfiche version:  |t Retention of men desiring to remain in service temporarily  |o CIS US Exec MF W1.4-3.34  |w (ProQuest)cis191300277 
856 4 0 |u http://proxy.library.tamu.edu/login?url=http://congressional.proquest.com/congressional/docview/t66.d71.w1.4-3.34  |z Connect to the full text of this electronic document  |t 0 
999 f f |s 83cf7843-1243-3933-ae17-830778735479  |i 58d45dac-a249-38c1-9086-2d199deba347  |t 0 
952 f f |a Texas A&M University  |b College Station  |c Electronic Resources  |d Available Online  |t 0  |h No information provided 
998 f f |t 0  |l Available Online